|
|
|
|
| LEADER |
01284nam a22003017a 4500 |
| 001 |
35031 |
| 003 |
BD-DhAAL |
| 005 |
20190806145526.0 |
| 008 |
190801r20162004bg 000 0 benod |
| 999 |
|
|
|c 41005
|d 41005
|
| 020 |
|
|
|a 9844150736
|
| 025 |
|
|
|a I-B-2007-389655; 12
|
| 040 |
|
|
|a BD-DhAAL
|
| 042 |
|
|
|a lcode
|
| 082 |
|
|
|a 891.4436
|2 23
|
| 100 |
|
|
|a বন্দ্যোপাধ্যায়, মানিক
|9 33315
|
| 245 |
|
|
|a পুতুলনাচের ইতিকথা /
|c মানিক বন্দ্যোপাধ্যায়
|
| 246 |
|
|
|a Putulnachar eitikatha
|
| 260 |
|
|
|a ঢাকা :
|b অবসর,
|b c২০০৪ [ষষ্ঠ মুদ্রণ ২০১৬]
|
| 300 |
|
|
|a তেইশ, ১৭৫ পৃষ্ঠা ;
|c ২২ সে.মি.
|
| 526 |
|
|
|a AAL
|
| 541 |
|
|
|a Development Book Agency
|e 35031
|
| 546 |
|
|
|a In Bengali.
|
| 600 |
1 |
0 |
|a Bandyopadhyay, Manik,
|d 1908-1956.
|t Putulanācera itikathā.
|9 33316
|
| 650 |
|
|
|a Bengali fiction.
|9 33317
|
| 852 |
|
|
|a Ayesha Abed Library
|c General Stacks
|
| 942 |
|
|
|2 ddc
|c BK
|
| 952 |
|
|
|0 0
|1 0
|2 ddc
|4 0
|6 891_443600000000000_BAN
|7 0
|9 65882
|a BRACUL
|b BRACUL
|c GEN
|d 2019-07-24
|e Development Book Agency
|g 158.00
|l 15
|m 156
|o 891.4436 BAN
|p 3010035031
|q 2026-05-19
|r 2026-04-12
|s 2026-04-12
|t 1
|v 158.00
|w 2019-07-24
|y BK
|